000 00406nam a2200157 a 4500
001 4140
005 20140414131934.0
008 090218s19uu xx 00 eng d
050 _aREF 577.4
_bH65 2005
100 _aHoare, Ben
245 _aTemperate grasslands. /
_cBen Hoare.
260 _aAustin, TX :
_bRaintree Steck-Vaughn,
_c2003.
650 _aGrasslands.
650 _aEcology.
999 _c112370
_d112370